00365 2200145 4500001002100000005001500021035002000036245006200056100002400118300001200142260003100154082000800185084001400193990001200207INLIS00000000000211720250527111050 a0010-05250004091 aPedoman Menyusun Rencana Pemasaran /cDavid H. Bangs, Jr.0 aDavid H. Bangs, Jr. a171 hlm aJakarta :bErlangga,c1995 a300 a300 DAV p a0713128